logo

Bir Sreshtho Munshi Abdur Rouf Library
Jhenaidah Cadet College

Organic Chemistry / (Record no. 8343)

MARC details
000 -LEADER
fixed length control field 00609nam a2200229 a 4500
001 - CONTROL NUMBER
JCCL Control Number 8343
003 - CONTROL NUMBER IDENTIFIER
JCCL marc code BD-JhCC
005 - DATE AND TIME OF LATEST TRANSACTION
control field 20220519134021.0
008 - FIXED-LENGTH DATA ELEMENTS--GENERAL INFORMATION
fixed length control field 180222s1964 bg a|||| || | 000 0 eng d
035 ## - SYSTEM CONTROL NUMBER
system control number (BD-JhCC)8343
040 ## - CATALOGING SOURCE
Original cataloging agency BD-JhCC
Modifying agency BD-JhCC
041 ## - LANGUAGE CODE
Language code of Book eng
082 ## - DEWEY DECIMAL CLASSIFICATION NUMBER
Classification number 547
Author mark and Year AHM 1964
100 ## - MAIN ENTRY--PERSONAL NAME
Personal name Ahmed, Mofizuddin
245 ## - TITLE STATEMENT
Title Organic Chemistry /
Statement of responsibility, etc Mofizuddin Ahmed and Kazi Abdul Latif
260 ## - PUBLICATION, DISTRIBUTION, ETC. (IMPRINT)
Place of publication, distribution, etc Dacca :
Name of publisher, distributor, etc Mrs S. Ahmed and Mrs R. Latif,
Date of publication, distribution, etc 1964
300 ## - PHYSICAL DESCRIPTION
Pagination 180 p. :
Dimensions 18 cm.
650 ## - SUBJECT ADDED ENTRY--TOPICAL TERM
Topical term or geographic name as entry element Organic Chemistry
700 ## - ADDED ENTRY--PERSONAL NAME
Personal name Latif, Kazi Abdul
942 ## - ADDED ENTRY ELEMENTS (KOHA)
Source of classification or shelving scheme Dewey Decimal Classification
Koha item type Books
Koha issues (borrowed), all copies 2
Holdings
Source of classification or shelving scheme Damaged status Not for loan Home library Current library Shelving location Date of accession Cost, normal purchase price Total Checkouts Full call number Barcode Date last seen Date checked out Copy number Koha item type
Dewey Decimal Classification     JCC Rouf Library JCC Rouf Library General Stacks 02/22/2018 3.75 1 547 AHM 1964 10944 05/25/2022 05/18/2022 C - 1 Books

JCC Library | Contacts | JCC Home

Last Update on 23 September 2017
Copyright @ 2017-2020 JCC Rouf Library
Rouf Library, Jhenidah Cadet College (JCC), Bangladesh